| 000 -LEADER |
| fixed length control field |
01073cam a22002418i 4500 |
| 001 - CONTROL NUMBER |
| control field |
20950650 |
| 005 - DATE AND TIME OF LATEST TRANSACTION |
| control field |
20210611130156.0 |
| 008 - FIXED-LENGTH DATA ELEMENTS--GENERAL INFORMATION |
| fixed length control field |
190426s2020 nyu b 001 0 eng |
| 020 ## - INTERNATIONAL STANDARD BOOK NUMBER |
| International Standard Book Number |
9780134792019 |
| Qualifying information |
|
| 041 ## - LANGUAGE CODE |
| Language code of text/sound track or separate title |
eng |
| 080 ## - UNIVERSAL DECIMAL CLASSIFICATION NUMBER |
| Universal Decimal Classification number |
376 V-32 |
| 100 1# - MAIN ENTRY--PERSONAL NAME |
| Personal name |
Vaughn, Sharon, |
| Dates associated with a name |
|
| 9 (RLIN) |
12027 |
| 245 10 - TITLE STATEMENT |
| Title |
Strategies for teaching students with learning and behavior problems / |
| Statement of responsibility, etc. |
Sharon Vaughn, Candace S. Bow. |
| 250 ## - EDITION STATEMENT |
| Edition statement |
Tenth Edition. |
| 264 #4 - PRODUCTION, PUBLICATION, DISTRIBUTION, MANUFACTURE, AND COPYRIGHT NOTICE |
| Date of production, publication, distribution, manufacture, or copyright notice |
New York : |
| Place of production, publication, distribution, manufacture |
Pearson, |
| Name of producer, publisher, distributor, manufacturer |
2019. |
| 300 ## - PHYSICAL DESCRIPTION |
| Extent |
432 pages |
| Other physical details |
28 cm. |
| 653 ## - INDEX TERM--UNCONTROLLED |
| keyword |
სწავლისა და ქცევის პრობლემების მქონე სტუდენტების სწავლების სტრატეგიები |
| 653 ## - INDEX TERM--UNCONTROLLED |
| keyword |
Стратегии обучения студентов с проблемами обучения и поведения |
| 653 ## - INDEX TERM--UNCONTROLLED |
| keyword |
გამაჯანსაღებელი სწავლება |
| 653 ## - INDEX TERM--UNCONTROLLED |
| keyword |
Лечебное обучение |
| 700 1# - ADDED ENTRY--PERSONAL NAME |
| Personal name |
Bos, Candace S., |
| Dates associated with a name |
|
| Relator term |
ავტორი |
| 9 (RLIN) |
12028 |
| 942 ## - ADDED ENTRY ELEMENTS (KOHA) |
| Koha item type |
წიგნი |